Statistics for Friends

Click here to take the quiz!

General Stats

  • This quiz has been taken 15 times
  • The average score is 8 of 15

Answer Stats

HintAnswer% Correct
The name of the cafeCentral Perk
100%
Number of seasons10
93%
Ross and Monicas lastnameGeller
86%
Who used to be fat in highschool?Monica
86%
What is the name of Ross and Rachels baby?Emma
71%
Who own the cafe?Gunther
71%
Where does Chandlers father live?Las vegas
71%
What pets does Joey and Chalder have?Duck and Chicken
64%
Which game does Joey and Chalder often play?Foosball
50%
Who lived in Ross' apartment before him?Ugly naked guy
43%
Why couldn't Phoebe get to her marriage?A snow storm
29%
Joey's name in the seriesDoctor Drake Ramoray
29%
When Joey got famous, he bought Chadler a ____Dog statue
0%
How did Phoebe and Ross first meetPhoebe mugged him
0%
Name of the big series Joey is inYears of our life
0%

Score Distribution

Percentile by Number Answered

Percent of People with Each Score

Your Score History

You have not taken this quiz